Transfúzia krvi učebný text pre 3. ročník zdravotníckych škôl - odbor zdravotných laborantov

Podrobná bibliografia
Hlavný autor: Hrubiško, Mikuláš, 1917-2005 (Autor)
Médium: Kniha
Jazyk:slovenčina
Fyzický popis:349 strán, 3 nečíslované strany obrazových príloh fotografie, ilustrácie 21 cm
Vydavateľské údaje: Bratislava Slovenské pedagogické nakladateľstvo 1955
Vydanie:Prvé vydanie
Predmet:

MARC

LEADER 00000cam a2200000 a 4500
001 vtls008374665
003 SK-MaSNL
005 20260301075409.0
008 230403s1955 xo oal drnpi 001 0 slo
015 |a SNBA19451955-004044 
020 |q (brožované) 
035 |a SK01SNKBKSFS20020066882 
035 |a urn:nbn:sk:snk-am3id8c 
035 |a urn:nbn:sk:snk-am00e44v 
035 |a F9048773-FCAF-48D7-8623-A0CE15C57FA7 
035 |a SKM000069345 
040 |a SNK  |b slo  |c SNK  |e AACR2 
041 0 |a slo 
044 |a xo  |c SK 
080 |a 615.381  |2 2001 
080 |a (075.3)  |2 2011 
100 1 |a Hrubiško, Mikuláš,  |d 1917-2005  |4 aut  |9 239458 
245 1 0 |a Transfúzia krvi  |b učebný text pre 3. ročník zdravotníckych škôl - odbor zdravotných laborantov  |c Mikuláš Hrubiško 
250 |a Prvé vydanie 
260 |a Bratislava  |b Slovenské pedagogické nakladateľstvo  |c 1955  |e Bratislava  |f Pravda 
300 |a 349 strán, 3 nečíslované strany obrazových príloh  |b fotografie, ilustrácie  |c 21 cm 
366 |e 1700 kusov 
504 |a Bibliografia na strane 335-336 ; slovník cudzích slov ; vecný register 
650 0 7 |a transfúzia krvi  |2 SNKPH  |9 2513 
655 7 |a učebnice stredných škôl  |2 SNKPH  |9 69323 
852 |a Slovenská národná knižnica 
954 |a odborná, vedecká literatúra pôvodná (slovenská)  |2 lita 
958 |a OND 
958 |a RK 
958 |a TL 
958 |a NB 
958 |a EUIPO 
999 |c 650051  |d 651981 
952 |a SNK  |b SNK  |y PREZ  |7 0  |p 17A0772538  |o snkSC 6801  |i snk1453/55  |0 0  |1 0  |4 0  |d 2019-05-23  |f 1  |l 0  |r 2025-07-04 00:00:00  |w 2026-02-23